000 00427nam a2200145Ia 4500
005 20260328104344.0
008 260328s9999||||xx |||||||||||||| ||und||
100 _aRene, Ignacio
245 0 _aLa Ética en la Construcción de Ciudadanía Desde la perspectiva del Diseño y la Arquitectura /
_cIgnacio Rene
250 _a1a ed.
260 _bAlcaldía de Medellín
300 _a116 p.
650 _aTEORÍA
942 _cBK
999 _c12252
_d12252